00594nam a2200169 a 450000100100000000500170001000800410002702000180006804000250008608200150011110000300012624500530015626000500020930000350025995201130029499900170040700004307420201002040622.0140218s2003 njuac 000 0 spa d a0-7858-1714-x aDO-SdBNPbspacBNPHU axxxxbxxxx1 aHalberstadt, Hans.97059710aArmy :bthe U.S. army today /cHans Halberstadt. aEdison, New Jersey :bChartwell Books,c2003. a192 p. :bil. retrs. ;c32 cm. 001050718MOaGRbGRcCTd2014-02-18iLF1l0oxxxx xxxxp43074-10r2020-06-25w2020-06-25y1ZNo se presta c42563d42563